KATSEYE - Tous les clips - Statistiques

Statistiques générales
  • Ce quiz a été pris 481 fois
    154 depuis la dernière actualisation
  • Le résultat moyen est 9 sur 10
Statistiques - réponses
Par images Réponse % Correct
Gabriela
98%
Touch
97%
Debut
94%
Gameboy
93%
Pinky Up
93%
Gnarly
92%
Monster High Fright Song
90%
My Way
86%
I'm Pretty
69%
Tonight I Might
68%
Aucun quiz correspondant
Distribution des résultats
% des personnes avec chaque résultat
Percentile par nombre de réponses
Votre historique - résultats
Vous n’avez pas pris ce quiz depuis la dernière actualisation